[Event "Hastings International Chess Congress"]
[Site "?"]
[Date "2012.12.28"]
[Round "1.1"]
[White "Pert, Nicholas"]
[Black "Stewart, Neil"]
[Result "1-0"]
[WhiteElo "2557"]
[BlackElo "2264"]
[PlyCount "45"]
[EventDate "2012.??.??"]
[TimeControl "6600+970"]
[WhiteClock "0:50:11"]
[BlackClock "0:35:18"]

1. d4 d5 2. c4 c6 3. Nc3 dxc4 4. e4 b5 5. a4 b4 6. Na2 Nf6 7. e5 Nd5 8. Bxc4 e6
9. Nf3 a5 10. Bd2 Be7 11. Nc1 Ba6 12. Bxa6 Nxa6 13. Nb3 h6 14. O-O O-O 15. Qe2
Qb6 16. Rfc1 Rab8 17. Rc2 Rfc8 18. Rac1 Rc7 19. Be3 Rbc8 20. Nfd2 Nxe3 21. fxe3
Qa7 22. Nc4 c5 23. Nd6 1-0

[Event "Hastings International Chess Congress"]
[Site "?"]
[Date "2012.12.28"]
[Round "1.2"]
[White "Eames, Robert S"]
[Black "Sulskis, Sarunas"]
[Result "1/2-1/2"]
[WhiteElo "2263"]
[BlackElo "2550"]
[PlyCount "121"]
[EventDate "2012.??.??"]
[TimeControl "6600+1140"]
[WhiteClock "0:24:19"]
[BlackClock "0:20:37"]

1. d4 Nf6 2. c4 e5 3. dxe5 Ng4 4. Bf4 Nc6 5. Nf3 Bb4+ 6. Nbd2 Qe7 7. e3 Ngxe5
8. Nxe5 Nxe5 9. Be2 a5 10. a3 Bxd2+ 11. Qxd2 d6 12. c5 dxc5 13. Qd5 Ng6 14.
Bb5+ Bd7 15. Bxd7+ Qxd7 16. Qxb7 O-O 17. Rd1 Qe6 18. Bxc7 Qe7 19. Qc6 Rfc8 20.
Rd7 Qe8 21. Qd6 Qe4 22. O-O Nh4 23. Qg3 Ra6 24. Rfd1 h6 25. f3 Qxe3+ 26. Qf2
Nf5 27. Qxe3 Nxe3 28. Rc1 c4 29. Kf2 Nd5 30. Be5 Nf6 31. Rd4 Rac6 32. Rcd1 a4
33. Rd8+ Rxd8 34. Rxd8+ Kh7 35. Ra8 Nd7 36. Bd4 Nc5 37. Bxc5 Rxc5 38. Rxa4 c3
39. bxc3 Rxc3 40. h4 h5 41. Kg3 Rc2 42. Ra5 Kh6 43. Rb5 f6 44. a4 Ra2 45. a5
Ra3 46. Rd5 Ra2 47. Kh3 Ra3 48. Kh2 Kg6 49. Kg1 Ra2 50. Kf1 Kh6 51. g4 hxg4 52.
fxg4 g5 53. hxg5+ fxg5 54. Rd6+ Kg7 55. a6 Ra4 56. Rd7+ Kf6 57. a7 Ra2 58. Ke1
Ke5 59. Rf7 Ke6 60. Rb7 Ke5 61. Rf7 1/2-1/2

[Event "Hastings International Chess Congress"]
[Site "?"]
[Date "2012.12.28"]
[Round "1.3"]
[White "Hebden, Mark L"]
[Black "Kirk, Ezra"]
[Result "1/2-1/2"]
[WhiteElo "2547"]
[BlackElo "2254"]
[PlyCount "101"]
[EventDate "2012.??.??"]

1. d4 Nf6 2. Nf3 g6 3. Nc3 d5 4. Bf4 c6 5. h3 Bg7 6. e3 O-O 7. a4 Nfd7 8. Be2
Qe8 9. O-O e5 10. dxe5 Nxe5 11. Nd4 a5 12. e4 dxe4 13. Nxe4 Qe7 14. c3 Nbd7 15.
Qb3 h6 16. Rfe1 Qh4 17. Bg3 Qxe4 18. Bc4 Nc5 19. Qa2 Nxc4 20. Rxe4 Nxe4 21.
Qxc4 Nxg3 22. fxg3 Rd8 23. Re1 Bxd4+ 24. cxd4 Rf8 25. Qc1 Kg7 26. Qc3 Kh7 27.
Qc5 Be6 28. Rxe6 fxe6 29. Qe7+ Kg8 30. Qxb7 Rab8 31. Qxc6 Rxb2 32. Qxe6+ Kg7
33. Qe5+ Kg8 34. Qxa5 Rf7 35. g4 Rbb7 36. g5 h5 37. h4 Kh7 38. Qd2 Rbd7 39. a5
Rd6 40. Qa2 Rfd7 41. d5 Rxd5 42. a6 Rd1+ 43. Kh2 Ra7 44. Qa3 Rdd7 45. g4 hxg4
46. Kg3 Rdc7 47. h5 Rc6 48. hxg6+ Rxg6 49. Kxg4 Raxa6 50. Qe7+ Kg8 51. Qe8+
1/2-1/2

[Event "Hastings International Chess Congress"]
[Site "?"]
[Date "2012.12.28"]
[Round "1.4"]
[White "Snape, Ian L"]
[Black "Vocaturo, Daniele"]
[Result "0-1"]
[WhiteElo "2245"]
[BlackElo "2521"]
[PlyCount "96"]
[EventDate "2012.??.??"]

1. e4 e5 2. f4 d5 3. exd5 exf4 4. Nf3 Nf6 5. Bc4 Nxd5 6. O-O Be6 7. Bb3 c5 8.
d4 cxd4 9. Nxd4 Bc5 10. Kh1 Bxd4 11. Qxd4 O-O 12. Bxd5 Nc6 13. Qf2 Bxd5 14.
Bxf4 Bc4 15. Re1 Qd4 16. Qxd4 Nxd4 17. Na3 Ba6 18. Rad1 Rfe8 19. Rxe8+ Rxe8 20.
h3 Nc6 21. c3 Re4 22. Bg3 f5 23. Re1 Rxe1+ 24. Bxe1 Bd3 25. Kg1 Kf7 26. Bd2 Kf6
27. Kf2 g5 28. g3 Ne5 29. Be3 a6 30. Bb6 f4 31. Bd8+ Kg6 32. b3 b5 33. h4 Ng4+
34. Kf3 Nh2+ 35. Kf2 Be4 36. gxf4 gxf4 37. b4 Ng4+ 38. Kg1 Kf5 39. c4 Bd3 40.
Bb6 Ke4 41. c5 Kd5 42. Bc7 f3 43. Bg3 Kc6 44. Bf2 h5 45. Bd4 Kb7 46. Bf2 a5 47.
Nxb5 Bxb5 48. a3 a4 0-1

[Event "Hastings International Chess Congress"]
[Site "?"]
[Date "2012.12.28"]
[Round "1.5"]
[White "Gretarsson, Hjorvar Steinn"]
[Black "Furman, Boris"]
[Result "1-0"]
[WhiteElo "2516"]
[BlackElo "2237"]
[PlyCount "103"]
[EventDate "2012.??.??"]

1. c4 e6 2. Nc3 d5 3. d4 Bb4 4. Nf3 Nf6 5. Bg5 h6 6. Bxf6 Qxf6 7. e3 O-O 8. Qb3
c5 9. a3 Ba5 10. cxd5 exd5 11. Be2 c4 12. Qb5 Bxc3+ 13. bxc3 Qc6 14. Qb1 Qc7
15. O-O Nc6 16. Nd2 Ne7 17. f3 Nf5 18. e4 Ne3 19. Re1 Qf4 20. Qc1 Qg5 21. g3
Bh3 22. f4 Qd8 23. e5 f6 24. Bf3 Nf5 25. Qb1 Rb8 26. Qb4 b6 27. exf6 gxf6 28.
Qb5 Ne7 29. Re2 Rc8 30. Rae1 Rc7 31. Nf1 Kh8 32. Ne3 Rd7 33. a4 Rg8 34. Kf2 f5
35. Ng2 Bg4 36. Re6 Bxf3 37. Kxf3 Rg6 38. Qb4 Rxe6 39. Rxe6 Kh7 40. Nh4 Qc7 41.
Qb1 Rd6 42. Re5 Qd7 43. Nxf5 Nxf5 44. Qxf5+ Qxf5 45. Rxf5 Kg7 46. Re5 Kf7 47.
f5 a6 48. Re2 b5 49. axb5 axb5 50. Rb2 Rb6 51. Kf4 Rb8 52. g4 1-0

[Event "Hastings International Chess Congress"]
[Site "?"]
[Date "2012.12.28"]
[Round "1.6"]
[White "Kwiatkowski, Feliks J"]
[Black "Alsina Leal, Daniel"]
[Result "0-1"]
[WhiteElo "2232"]
[BlackElo "2511"]
[PlyCount "86"]
[EventDate "2012.??.??"]
[TimeControl "6600+1390"]
[WhiteClock "0:46:16"]
[BlackClock "0:52:40"]

1. e4 c5 2. Nf3 d6 3. d4 cxd4 4. Nxd4 Nf6 5. Nc3 a6 6. Be3 e5 7. Nb3 Be6 8. Qd2
Nbd7 9. O-O-O b5 10. f3 Be7 11. g4 O-O 12. Rg1 Nb6 13. g5 Nh5 14. Nd5 Bxd5 15.
exd5 Rc8 16. Qa5 Nc4 17. Bxc4 bxc4 18. Qxd8 Bxd8 19. Nd2 c3 20. Ne4 cxb2+ 21.
Kxb2 Be7 22. Rd3 Rc4 23. Rb3 Rfc8 24. Rg2 f5 25. gxf6 Nxf6 26. Bg5 Nxe4 27.
Bxe7 Re8 28. Rb7 Nc5 29. Ra7 Rb4+ 30. Kc3 Rb7 31. Rxb7 Nxb7 32. Bg5 Rf8 33. Rg3
Rc8+ 34. Kd3 Rc5 35. c4 Ra5 36. Rg2 Ra3+ 37. Ke4 Nc5+ 38. Kf5 Rxf3+ 39. Kg4 Rc3
40. Rb2 Rxc4+ 41. Kf5 Kf7 42. Be3 g6+ 43. Kg5 Kg7 0-1

[Event "Hastings International Chess Congress"]
[Site "?"]
[Date "2012.12.28"]
[Round "1.7"]
[White "Hawkins, Jonathan"]
[Black "Talsma, Paul"]
[Result "1-0"]
[WhiteElo "2507"]
[BlackElo "2229"]
[PlyCount "71"]
[EventDate "2012.??.??"]
[TimeControl "6600+995"]
[WhiteClock "0:14:25"]
[BlackClock "0:12:31"]

1. d4 f5 2. Bg5 h6 3. Bh4 c5 4. e4 Qb6 5. Nd2 g5 6. Qh5+ Kd8 7. Bxg5 Qxb2 8.
Rb1 Qxd4 9. Be3 Qg7 10. exf5 d6 11. Ne2 Nf6 12. Qf3 Nc6 13. Nf4 Ne5 14. Qe2 Qg4
15. Ne6+ Bxe6 16. fxe6 Qxe2+ 17. Bxe2 Kc7 18. Nc4 Nxc4 19. Bxc4 Rb8 20. Ke2 Ng4
21. Bd2 Ne5 22. Bd5 Bg7 23. a4 Nc6 24. g4 b6 25. f4 a6 26. Rhf1 b5 27. axb5
axb5 28. c3 Rb6 29. h4 Ra8 30. g5 Ra3 31. Bxc6 Kxc6 32. f5 hxg5 33. hxg5 Bxc3
34. Bxc3 Rxc3 35. f6 Ra6 36. Ra1 1-0

[Event "Hastings International Chess Congress"]
[Site "?"]
[Date "2012.12.28"]
[Round "1.8"]
[White "Sreeves, Clement"]
[Black "Flear, Glenn C"]
[Result "0-1"]
[WhiteElo "2223"]
[BlackElo "2481"]
[PlyCount "56"]
[EventDate "2012.??.??"]
[TimeControl "6600+1210"]
[WhiteClock "0:08:23"]
[BlackClock "0:35:49"]

1. e4 e5 2. Nf3 Nc6 3. Bb5 a6 4. Ba4 Nf6 5. O-O b5 6. Bb3 Bb7 7. d3 Bd6 8. c3
O-O 9. Bg5 h6 10. Bh4 Re8 11. Nbd2 Be7 12. Re1 Nh5 13. Nxe5 Nxe5 14. Bxe7 Qxe7
15. Qxh5 Nxd3 16. Re3 Nf4 17. Qf5 Ne6 18. Rg3 Ng5 19. e5 c5 20. f4 Ne6 21. Bc2
g6 22. Be4 Ng5 23. Rxg5 hxg5 24. Qh3 d5 25. exd6 Qxd6 26. Bxb7 Qxd2 27. Bxa8
Re1+ 28. Rxe1 Qxe1# 0-1

[Event "Hastings International Chess Congress"]
[Site "?"]
[Date "2012.12.28"]
[Round "1.9"]
[White "Arkell, Keith C"]
[Black "Melekhina, Alisa"]
[Result "1-0"]
[WhiteElo "2470"]
[BlackElo "2221"]
[PlyCount "137"]
[EventDate "2012.??.??"]
[TimeControl "6600+1035"]
[WhiteClock "1:26:32"]
[BlackClock "0:11:27"]

1. Nf3 Nf6 2. d4 c5 3. d5 g6 4. Nc3 d6 5. e4 Bg7 6. Bb5+ Nfd7 7. a4 Na6 8. O-O
O-O 9. Bf4 f6 10. Bxd7 Bxd7 11. h3 Nc7 12. Re1 b6 13. Qd2 a6 14. Rab1 a5 15.
Bh6 b5 16. Bxg7 Kxg7 17. axb5 Nxb5 18. Nxb5 Bxb5 19. Nh2 Bd7 20. Nf1 a4 21. Ne3
Qa5 22. c3 Rfb8 23. h4 Rb3 24. Ra1 Rab8 25. Ra2 Qb5 26. Re2 Bc8 27. f3 Ba6 28.
Rf2 Qd3 29. Qxd3 Bxd3 30. Rd2 Bb5 31. Nc2 Bd7 32. Na3 R3b7 33. Nc4 Bb5 34. Ne3
Bd7 35. Kh2 Ra7 36. Nc4 Bb5 37. Na3 Bd7 38. g4 Kf7 39. Kg3 Rab7 40. g5 Rh8 41.
gxf6 Kxf6 42. Nc4 g5 43. hxg5+ Kxg5 44. f4+ Kg6 45. e5 Bb5 46. Ne3 h5 47. Kf3
Rf8 48. Ke4 Kh7 49. Ra1 Be8 50. Rg1 a3 51. bxa3 Rb3 52. Rdg2 Rxc3 53. Rg7+ Kh8
54. Rxe7 Rxa3 55. exd6 Bb5 56. d7 Bxd7 57. Rgg7 Re8 58. f5 Raa8 59. Kf4 Rxe7
60. Rxe7 Be8 61. d6 Rd8 62. Nd5 Kg8 63. Nf6+ Kf8 64. Rxe8+ Rxe8 65. Nxe8 Kxe8
66. f6 c4 67. Ke5 c3 68. Ke6 c2 69. f7+ 1-0

[Event "Hastings International Chess Congress"]
[Site "?"]
[Date "2012.12.28"]
[Round "1.10"]
[White "Jaunooby, Ali R"]
[Black "Gao, Rui"]
[Result "0-1"]
[WhiteElo "2178"]
[BlackElo "2450"]
[PlyCount "80"]
[EventDate "2012.??.??"]

1. d4 Nf6 2. Nf3 g6 3. Bg5 Bg7 4. Nbd2 O-O 5. e3 d6 6. Bd3 c5 7. Qe2 Nc6 8. c3
a6 9. a4 b6 10. O-O Bb7 11. Rad1 Qc7 12. Ne4 Nxe4 13. Bxe4 Rfe8 14. d5 Nb8 15.
Nd2 Nd7 16. f4 Nf6 17. c4 Nxe4 18. Nxe4 Bc8 19. g4 f5 20. Nf2 e6 21. gxf5 exf5
22. Rd3 Bd7 23. Ra3 Rab8 24. Rfa1 b5 25. axb5 axb5 26. Nd1 bxc4 27. Qxc4 Rb4
28. Qc2 Reb8 29. R1a2 Be8 30. Ra7 R4b7 31. R7a6 Bb5 32. R6a3 Qf7 33. Qd2 Bc4
34. b3 Bxb3 35. Ra6 Bxd1 36. Rxd6 Bb3 37. Ra5 Bc4 38. Rd8+ Rxd8 39. Bxd8 Rb1+
40. Kf2 Rb2 0-1

[Event "Hastings International Chess Congress"]
[Site "?"]
[Date "2012.12.28"]
[Round "1.11"]
[White "Hamitevici, Vladimir"]
[Black "Gu, Xiaobing"]
[Result "0-1"]
[WhiteElo "2440"]
[BlackElo "2209"]
[PlyCount "62"]
[EventDate "2012.??.??"]
[TimeControl "6600+1150"]
[WhiteClock "0:07:07"]
[BlackClock "0:46:08"]

1. d4 Nf6 2. c4 g6 3. Nc3 Bg7 4. e4 d6 5. Nf3 O-O 6. Be2 e5 7. O-O exd4 8. Nxd4
Re8 9. f3 Nc6 10. Be3 Nh5 11. f4 Nf6 12. Bf3 Ng4 13. Bxg4 Bxg4 14. Nxc6 Qd7 15.
Qd3 Bxc3 16. Qxc3 Qxc6 17. Bd4 Rxe4 18. Bh8 f6 19. Qxf6 Qd7 20. Rae1 Rae8 21.
Rxe4 Rxe4 22. h3 Be2 23. Rf2 Bxc4 24. f5 g5 25. b3 Bd5 26. Rd2 Re5 27. g4 c6
28. Kf2 Qc7 29. Qh6 Kxh8 30. Rxd5 Qb6+ 31. Kf1 Qa6+ 0-1

[Event "Hastings International Chess Congress"]
[Site "?"]
[Date "2012.12.28"]
[Round "1.12"]
[White "Burnett, Jim"]
[Black "Zhou, Yang-Fan"]
[Result "0-1"]
[WhiteElo "2172"]
[BlackElo "2419"]
[PlyCount "70"]
[EventDate "2012.??.??"]
[TimeControl "6600+795"]
[WhiteClock "0:14:24"]
[BlackClock "0:14:06"]

1. d4 Nf6 2. c4 g6 3. g3 Bg7 4. Bg2 O-O 5. Nc3 c5 6. Nf3 cxd4 7. Nxd4 Qc7 8. b3
d5 9. O-O dxc4 10. Ncb5 Qd8 11. bxc4 Ng4 12. e3 Ne5 13. Qb3 a6 14. Na3 Nbd7 15.
Rb1 Nc5 16. Qb6 Ned3 17. Bd2 e5 18. Qxd8 Rxd8 19. Ba5 Re8 20. Ne2 e4 21. Nc3
Bg4 22. Nd5 Rac8 23. Rb6 Nb2 24. Nf6+ Bxf6 25. Rxf6 Ncd3 26. Rb6 Rxc4 27. Rxb7
Ra4 28. Bc3 Nd1 29. Nb1 Be2 30. Rxd1 Bxd1 31. Bd4 Rb4 32. Rxb4 Nxb4 33. Nc3 Bf3
34. Bf1 Rc8 35. a3 Nd3 0-1

[Event "Hastings International Chess Congress"]
[Site "?"]
[Date "2012.12.28"]
[Round "1.15"]
[White "Rendle, Thomas E"]
[Black "Rayner, Francis"]
[Result "1-0"]
[WhiteElo "2381"]
[BlackElo "2166"]
[PlyCount "89"]
[EventDate "2012.??.??"]

1. e4 Nf6 2. e5 Nd5 3. d4 d6 4. Nf3 dxe5 5. Nxe5 c6 6. Be2 Bf5 7. O-O Nd7 8.
Bg4 Bxg4 9. Qxg4 Nxe5 10. dxe5 e6 11. Nd2 Qc7 12. Nc4 O-O-O 13. Bg5 Rd7 14. Bh4
g6 15. Rad1 Kb8 16. Rd3 h6 17. Rfd1 g5 18. Bg3 h5 19. Qxg5 h4 20. Bf4 Be7 21.
Qg4 Rdd8 22. Nd6 Rdg8 23. Qf3 Rg7 24. c4 Nxf4 25. Qxf4 Rhg8 26. g3 Rg4 27. Qf3
hxg3 28. hxg3 Qb6 29. Kf1 Qc5 30. Qxf7 Rf8 31. b4 Qb6 32. c5 Rxf7 33. cxb6 Rh7
34. bxa7+ Kxa7 35. Nc8+ Ka6 36. Nxe7 Rxe7 37. f4 Reg7 38. Kf2 Kb5 39. a3 b6 40.
Rc3 Ra7 41. Rd6 c5 42. bxc5 bxc5 43. Rxe6 c4 44. Re8 Kc5 45. Rc8+ 1-0

[Event "Hastings International Chess Congress"]
[Site "?"]
[Date "2012.12.28"]
[Round "1.16"]
[White "Grant, Alan G"]
[Black "Ashton, Adam G"]
[Result "0-1"]
[WhiteElo "2165"]
[BlackElo "2366"]
[PlyCount "96"]
[EventDate "2012.??.??"]

1. c4 e6 2. Nf3 d5 3. g3 dxc4 4. Bg2 Nf6 5. O-O a6 6. a4 Nc6 7. Qc2 e5 8. Qxc4
Be6 9. Qh4 Be7 10. d3 h6 11. Bg5 O-O 12. Bxf6 Bxf6 13. Qe4 Re8 14. Nbd2 Bd5 15.
Qg4 g6 16. a5 Bg7 17. Qa4 f5 18. Rfd1 Nd4 19. e4 Bc6 20. Qc4+ Ne6 21. Nh4 Qf6
22. exf5 Bxg2 23. fxe6 Bc6 24. Ne4 Qxe6 25. Qxe6+ Rxe6 26. Nc5 Rd6 27. Ne4 Rd4
28. Nxg6 Kf7 29. Nh4 Rad8 30. Nc5 Bf8 31. Rdc1 Bxc5 32. Rxc5 Kf6 33. Re1 R8d5
34. Rxd5 Rxd5 35. b4 Rxd3 36. Rb1 Be4 37. Rc1 Rb3 38. f3 Bc6 39. Rc4 h5 40. g4
hxg4 41. fxg4 e4 42. Ng2 e3 43. Rc1 e2 44. Re1 Rxb4 45. h3 Bb5 46. Ne3 Kg5 47.
Kh2 Rb3 48. Nf5 Rf3 0-1

[Event "Hastings International Chess Congress"]
[Site "?"]
[Date "2012.12.28"]
[Round "1.17"]
[White "Burns-Mannion, Stephen R"]
[Black "Anderson, John"]
[Result "1-0"]
[WhiteElo "2351"]
[BlackElo "2161"]
[PlyCount "85"]
[EventDate "2012.??.??"]

1. e4 e6 2. d4 d5 3. Nd2 Nf6 4. e5 Nfd7 5. c3 c5 6. f4 Nc6 7. Ndf3 Qb6 8. a3
Be7 9. h4 f6 10. Bd3 c4 11. Bc2 Nf8 12. h5 f5 13. Nh3 Bd7 14. Rb1 Na5 15. Be3
O-O-O 16. Nhg5 Be8 17. h6 g6 18. Bf2 Kb8 19. Bh4 Rc8 20. Nd2 Nd7 21. Nf1 Bf8
22. Bg3 Be7 23. Nf3 Rf8 24. Bh4 Bxh4+ 25. Rxh4 Rf7 26. Ne3 Nf8 27. Kf2 Qc6 28.
Ng5 Rfc7 29. g4 Qd7 30. Qf3 fxg4 31. Nxg4 Qe7 32. Nf6 Rd8 33. Rhh1 a6 34. Qh3
Rc6 35. Qh4 Rdc8 36. Ba4 b5 37. Bd1 Nb7 38. Bf3 Rd8 39. Ke3 Rb6 40. Rhg1 Nd6
41. Bg4 Nf5+ 42. Bxf5 gxf5 43. Ngxh7 1-0

[Event "Hastings International Chess Congress"]
[Site "?"]
[Date "2012.12.28"]
[Round "1.18"]
[White "Flear, Christine"]
[Black "Knott, Simon J B"]
[Result "1-0"]
[WhiteElo "2156"]
[BlackElo "2325"]
[PlyCount "97"]
[EventDate "2012.??.??"]
[TimeControl "6600+1265"]
[WhiteClock "0:29:47"]
[BlackClock "0:44:54"]

1. d4 Nf6 2. c4 g6 3. Nc3 d5 4. Nf3 Bg7 5. Qa4+ Bd7 6. Qb3 dxc4 7. Qxc4 O-O 8.
Bf4 Na6 9. e4 c5 10. e5 Nh5 11. Be3 cxd4 12. Qxd4 Bc6 13. Be2 Qa5 14. O-O f5
15. Qc4+ Kh8 16. Ng5 f4 17. Bxh5 Qxe5 18. Bf3 Qxg5 19. Bxc6 bxc6 20. Bd4 f3 21.
Bxg7+ Kxg7 22. g3 Nc7 23. Rfe1 Nd5 24. Qxc6 Nf4 25. h4 Qf6 26. Qxf6+ Rxf6 27.
gxf4 Rxf4 28. Rxe7+ Kh6 29. Re4 g5 30. hxg5+ Kxg5 31. Rxf4 Kxf4 32. Rd1 Rg8+
33. Kf1 Rg6 34. Rd7 Rh6 35. Rf7+ Kg4 36. Rg7+ Kf4 37. Ke1 Re6+ 38. Kf1 Rh6 39.
Ke1 Re6+ 40. Kd2 h5 41. Nd5+ Ke4 42. Ne3 Rh6 43. Rxa7 Rh8 44. Re7+ Kf4 45. Nd5+
Kf5 46. Ne3+ Kf4 47. Rf7+ Ke4 48. Nf1 h4 49. Nh2 1-0

[Event "Hastings Masters"]
[Site "Hastings, England"]
[Date "2012.12.28"]
[Round "1"]
[White "Spanton, Tim R"]
[Black "Kvisla, Johannes Luangtep"]
[Result "0-1"]
[WhiteElo "2020"]
[BlackElo "2148"]
[PlyCount "54"]
[EventDate "2012.??.??"]

1. c4 e6 2. g3 Nf6 3. Bg2 d5 4. Nf3 dxc4 5. Qc2 Nbd7 6. Qxc4 c5 7. O-O a6 8. a4
b5 9. Qc2 Bb7 10. Na3 Be7 11. Rd1 O-O 12. b3 Nb6 13. Bb2 b4 14. Nc4 Nxc4 15.
Qxc4 Bd5 16. Qc2 Qb6 17. Ne5 Rfd8 18. Rac1 Qb7 19. Bxd5 exd5 20. Qf5 d4 21. Nc4
g6 22. Qd3 Rd5 23. Qf3 Rad8 24. e4 Rf5 25. Qe2 Nxe4 26. f3 Ng5 27. f4 Nh3+ 0-1

[Event "Hastings Masters"]
[Site "Hastings, England"]
[Date "2012.12.28"]
[Round "1"]
[White "Ternault, Mathieu"]
[Black "Murphy, Conor E"]
[Result "1/2-1/2"]
[WhiteElo "2147"]
[BlackElo "1956"]
[PlyCount "89"]
[EventDate "2012.??.??"]

1. d4 d5 2. c4 e6 3. Nc3 c6 4. e3 Nf6 5. Nf3 Nbd7 6. Qc2 Bd6 7. b3 O-O 8. Bb2
Qe7 9. Be2 e5 10. cxd5 cxd5 11. dxe5 Nxe5 12. Nd4 a6 13. O-O Bd7 14. Rfd1 Rac8
15. Nf5 Bxf5 16. Qxf5 Qe6 17. e4 d4 18. Rxd4 Bc5 19. Rdd1 Neg4 20. Bxg4 Nxg4
21. Rf1 Bd4 22. Rac1 Qxf5 23. exf5 Nh6 24. f6 gxf6 25. Nd5 Rxc1 26. Bxc1 Nf5
27. Rd1 Rd8 28. Ne3 Nxe3 29. Bxe3 Bb6 30. Rxd8+ Bxd8 31. Bh6 f5 32. Kf1 f6 33.
Ke2 Kf7 34. Kd3 Ke6 35. Bf4 Bb6 36. Be3 Bc7 37. h3 Kd5 38. Bd4 Bd8 39. Bc3 f4
40. Bd4 f5 41. Ba7 Be7 42. Bd4 Bd8 43. Bg7 Bb6 44. f3 Bc7 45. Bd4 1/2-1/2

[Event "Hastings Masters"]
[Site "Hastings, England"]
[Date "2012.12.28"]
[Round "1"]
[White "Taylor, Adam C"]
[Black "Rumsey, Victor B"]
[Result "1-0"]
[WhiteElo "1946"]
[BlackElo "2138"]
[PlyCount "95"]
[EventDate "2012.??.??"]

1. c4 Nf6 2. Nc3 e6 3. d4 Bb4 4. g3 c5 5. Nf3 Ne4 6. Bd2 Bxc3 7. Bxc3 Nxc3 8.
bxc3 Qa5 9. Qd2 O-O 10. Bg2 d6 11. O-O Nd7 12. Qf4 Nb6 13. Qxd6 Nxc4 14. Qxc5
Qxc5 15. dxc5 Bd7 16. Nd2 Nxd2 17. Rfd1 Bc6 18. Rxd2 Bxg2 19. Kxg2 Rfc8 20. Rb1
Rc7 21. Rb5 Kf8 22. e4 a6 23. Rb6 Rb8 24. Rdb2 Rxc5 25. R2b3 Rbc8 26. Rxb7 Rxc3
27. R3b6 R3c6 28. a4 Rxb6 29. Rxb6 Rc4 30. Rxa6 Rxe4 31. Kf3 Re1 32. Ra7 h5 33.
a5 g6 34. a6 Ra1 35. Ke4 Ra5 36. Kd4 e5+ 37. Kc4 e4 38. Kb4 Ra1 39. Ra8+ Kg7
40. Kb5 h4 41. Kb6 hxg3 42. hxg3 Rb1+ 43. Ka7 f5 44. Rb8 Ra1 45. Rb2 Rd1 46.
Kb7 Kf7 47. a7 Rd7+ 48. Ka6 1-0

[Event "Hastings Masters"]
[Site "Hastings, England"]
[Date "2012.12.28"]
[Round "1"]
[White "Hagen, Anders Gjerdrum"]
[Black "Stonehouse, Tom H"]
[Result "1-0"]
[WhiteElo "2126"]
[BlackElo "1922"]
[PlyCount "25"]
[EventDate "2012.??.??"]

1. d4 Nf6 2. c4 g6 3. Nc3 c5 4. d5 e6 5. g3 exd5 6. cxd5 Bg7 7. Bg2 O-O 8. Nf3
Qa5 9. Nd2 b5 10. a4 Ba6 11. axb5 Qxa1 12. Nb3 Qxc1 13. Qxc1 1-0

[Event "Hastings Masters"]
[Site "Hastings, England"]
[Date "2012.12.28"]
[Round "1"]
[White "Flynn, David"]
[Black "Atako, Chino C"]
[Result "0-1"]
[WhiteElo "1921"]
[BlackElo "2117"]
[PlyCount "72"]
[EventDate "2012.??.??"]

1. e4 Nf6 2. e5 Nd5 3. d4 d6 4. c4 Nb6 5. Nf3 Bg4 6. exd6 cxd6 7. Nc3 g6 8. Be3
Bg7 9. h3 Bxf3 10. Qxf3 Nc6 11. Rd1 O-O 12. Be2 e5 13. d5 Nd4 14. Qe4 f5 15.
Qd3 e4 16. Qd2 Nxe2 17. Bxb6 Qxb6 18. Kxe2 Qa6 19. Nb5 Qb6 20. Nd4 f4 21. b3
f3+ 22. Kf1 Bxd4 23. Qxd4 Qa5 24. Qd2 Qc5 25. Qd4 Qa3 26. Qd2 Rae8 27. g4 b5
28. cxb5 e3 29. fxe3 Qc5 30. Kf2 Qxb5 31. Rhe1 Qd7 32. e4 Qe7 33. Kf1 f2 34.
Re3 Qe5 35. Ke2 f1=Q+ 36. Rxf1 Qh2+ 0-1

[Event "Hastings Masters"]
[Site "Hastings, England"]
[Date "2012.12.28"]
[Round "1"]
[White "Waddington, Mike P"]
[Black "Dennis, Nigel W"]
[Result "1-0"]
[WhiteElo "2117"]
[BlackElo "1904"]
[PlyCount "81"]
[EventDate "2012.??.??"]

1. Nc3 d5 2. e4 dxe4 3. Nxe4 g6 4. Bc4 Bg7 5. Nf3 Nf6 6. Neg5 O-O 7. Ne5 e6 8.
d4 Qe7 9. O-O Nbd7 10. Re1 Nxe5 11. dxe5 Nd7 12. Nf3 b6 13. Qd4 Bb7 14. Bg5 Qc5
15. Qxc5 Nxc5 16. Be7 Rfe8 17. Bxc5 bxc5 18. Nd2 Bd5 19. f4 Red8 20. Bd3 Rab8
21. b3 Kf8 22. Rad1 Ke7 23. Re3 f6 24. Rh3 Rh8 25. Re1 fxe5 26. fxe5 Rbf8 27.
Rh4 Kd7 28. Ra4 Ra8 29. Ne4 Bxe4 30. Bxe4 Raf8 31. Bd3 Ra8 32. Ra6 c6 33. Be4
Rhc8 34. Rd1+ Ke7 35. Bxc6 Bxe5 36. Rd7+ Kf6 37. Bxa8 Rxa8 38. Raxa7 Rxa7 39.
Rxa7 Bd4+ 40. Kf1 Ke5 41. Rxh7 1-0

[Event "Hastings Masters"]
[Site "Hastings, England"]
[Date "2012.12.28"]
[Round "1"]
[White "Tarhon, Brian"]
[Black "Duff, Rufus"]
[Result "1/2-1/2"]
[WhiteElo "1844"]
[BlackElo "2114"]
[PlyCount "69"]
[EventDate "2012.??.??"]

1. e4 e5 2. Nf3 Nc6 3. Bb5 a6 4. Ba4 Nf6 5. O-O Be7 6. Re1 b5 7. Bb3 d6 8. c3
O-O 9. h3 Na5 10. Bc2 c5 11. d4 Nd7 12. Nbd2 exd4 13. cxd4 Nc6 14. Nf1 Nxd4 15.
Nxd4 cxd4 16. Qxd4 Ne5 17. Qd1 Bf6 18. Ne3 Be6 19. Bd2 Nc4 20. Nxc4 Bxc4 21.
Bc3 Bxc3 22. bxc3 Qf6 23. Qd4 Qxd4 24. cxd4 b4 25. Bb3 Rac8 26. Rec1 Be6 27. d5
Rxc1+ 28. Rxc1 Rc8 29. Rc6 Rxc6 30. dxc6 Bc8 31. f4 Kf8 32. Kf2 Ke7 33. Ke3 a5
34. Kd4 f6 35. f5 1/2-1/2

[Event "Hastings Masters"]
[Site "Hastings, England"]
[Date "2012.12.28"]
[Round "1"]
[White "Hutchinson, Norman A"]
[Black "Clayton, Tristan"]
[Result "1-0"]
[WhiteElo "2108"]
[BlackElo "1830"]
[PlyCount "65"]
[EventDate "2012.??.??"]

1. e4 c6 2. c4 d5 3. cxd5 cxd5 4. exd5 Qxd5 5. Nc3 Qd8 6. Nf3 Nf6 7. Bc4 e6 8.
O-O Be7 9. d4 O-O 10. Re1 Nbd7 11. Bg5 Nb6 12. Bb3 Nbd5 13. Ne5 Bd7 14. Qf3 Rc8
15. Nxd5 Nxd5 16. Bxe7 Nxe7 17. Qxb7 Rc7 18. Qe4 Bb5 19. Rac1 Qc8 20. Rxc7 Qxc7
21. Qf4 Nd5 22. Bxd5 exd5 23. Rc1 Qb8 24. Qf3 Ba6 25. b3 Qb4 26. Qe3 Qb5 27. h3
Re8 28. Qf4 f6 29. Rc7 Qb8 30. Nc6 Qb5 31. Qg4 g6 32. Qd7 Re1+ 33. Kh2 1-0

[Event "Hastings Masters"]
[Site "Hastings, England"]
[Date "2012.12.28"]
[Round "1"]
[White "Cekulis, Maris"]
[Black "Cafferty, Bernard"]
[Result "0-1"]
[WhiteElo "1811"]
[BlackElo "2105"]
[PlyCount "94"]
[EventDate "2012.??.??"]

1. d4 e6 2. c4 Nf6 3. g3 c5 4. d5 exd5 5. cxd5 d6 6. Nc3 g6 7. Bg2 Bg7 8. Nf3
O-O 9. O-O a6 10. a4 Qe7 11. Nd2 Nbd7 12. Nc4 Ne5 13. Nxe5 Qxe5 14. Bf4 Qe7 15.
Qd2 Rb8 16. a5 b5 17. e4 Nd7 18. Rae1 Ne5 19. Bxe5 Qxe5 20. Qc2 Bd7 21. Nd1 Qd4
22. Nc3 b4 23. Nd1 Bb5 24. Re3 b3 25. Qc1 Bh6 26. f4 g5 27. Rf2 c4 28. Nc3 Bd7
29. Qe1 Rfe8 30. Nd1 gxf4 31. gxf4 Bg7 32. Kh1 Re7 33. Nc3 Rbe8 34. f5 Qf6 35.
Qf1 Re5 36. Rg3 Kh8 37. h3 Rc8 38. Ne2 Ree8 39. Nf4 Qh6 40. Rgf3 Rxe4 41. Ne6
Bf6 42. Rc3 Rh4 43. Rc1 Bb5 44. Qd1 Rg8 45. Nc7 Be5 46. Rf3 Rd4 47. Qf1 Rd2 0-1